[Event "Togliatti"]
[Site "Togliatti"]
[Date "2008.05.30"]
[Round "2"]
[White "Molchanov, Alexander"]
[Black "Sidorov, Anatoly"]
[Result "0-1"]
[WhiteElo "2154"]
[BlackElo "2437"]
[PlyCount "106"]
[EventDate "2008.05.29"]
[EventType "tourn"]
[EventRounds "11"]
[EventCountry "RUS"]
[EventCategory "1"]
[SourceTitle "CBM 124 Extra"]
[Source "ChessBase"]
[SourceDate "2008.07.03"]
[SourceVersion "1"]
[SourceVersionDate "2008.07.03"]
[SourceQuality "1"]

1. d4 Nf6 2. Nf3 e6 3. Bg5 h6 4. Bh4 c5 5. e3 Qb6 6. Nbd2 d5 7. Rb1 cxd4 8. exd4 Bd7 9. c3 Bb5 10. Bxb5+ Qxb5 11. Qe2 Qxe2+ 12. Kxe2 Nh5 13. Ne5 Bd6 14. Bg3 Nxg3+ 15. hxg3 Bxe5 16. dxe5 Nd7 17. f4 Rc8 18. Nb3 Ke7 19. Kf3 Rc4 20. Rbd1 Ra4 21. a3 Rc8 22. g4 Nb6 23. Nd4 Ra6 24. Rd3 Nc4 25. Rb1 Rb6 26. b4 Ra6 27. Nb5 Nxa3 28. Nd6 Rc7 29. Ra1 Nc4 30. Rxa6 bxa6 31. Nxc4 Rxc4 32. g3 g5 33. Ke3 Kd7 34. Kf3 Kc6 35. Ke3 Kb6 36. fxg5 hxg5 37. Kd2 a5 38. bxa5+ Kxa5 39. Rf3 Rc7 40. Rf1 Kb5 41. Kd3 a5 42. Rb1+ Kc5 43. Rb8 Ra7 44. Rc8+ Kb5 45. Rb8+ Kc6 46. Kc2 a4 47. Rc8+ Kd7 48. Rf8 Ke7 49. Rg8 a3 50. Kb1 Rc7 51. Rxg5 Rxc3 52. Ka2 Rxg3 53. Rg8 Re3 0-1

[Event "Togliatti"]
[Site "Togliatti"]
[Date "2008.05.29"]
[Round "1"]
[White "Kapitonov, Artem"]
[Black "Molchanov, Alexander"]
[Result "0-1"]
[WhiteElo "1656"]
[BlackElo "2154"]
[PlyCount "66"]
[EventDate "2008.05.29"]
[EventType "tourn"]
[EventRounds "11"]
[EventCountry "RUS"]
[EventCategory "1"]
[SourceTitle "CBM 124 Extra"]
[Source "ChessBase"]
[SourceDate "2008.07.03"]
[SourceVersion "1"]
[SourceVersionDate "2008.07.03"]
[SourceQuality "1"]

1. d4 e6 2. Nf3 c5 3. g3 Nc6 4. Bg2 Qb6 5. c3 Nf6 6. 0-0 d5 7. Qb3 Bd7 8. Bf4 Be7 9. Nbd2 0-0 10. dxc5 Bxc5 11. Ne5 Nxe5 12. Bxe5 Ng4 13. Qxb6 axb6 14. Bd4 Bb5 15. Bxc5 bxc5 16. Rfe1 Ne5 17. f4 Nc6 18. e4 d4 19. Nb3 dxc3 20. bxc3 b6 21. e5 Rfd8 22. Rad1 Kf8 23. Rxd8+ Rxd8 24. Kf2 Ra8 25. Ra1 Ra3 26. c4 Bxc4 27. Nxc5 Nxe5 28. fxe5 bxc5 29. Rb1 Rxa2+ 30. Kg1 Bd5 31. Rb8+ Ke7 32. Bxd5 exd5 33. Rb5 Rc2 0-1

[Event "Privolzhskogo FO-ch"]
[Site "Togliatti"]
[Date "2007.03.28"]
[Round "7"]
[White "Iliushkin, Evgeny"]
[Black "Molchanov, Alexander"]
[Result "1/2-1/2"]
[WhiteElo "2310"]
[BlackElo "2098"]
[PlyCount "88"]
[EventDate "2007.03.22"]
[EventType "swiss"]
[EventRounds "9"]
[EventCountry "RUS"]
[SourceTitle "EXT 2010"]
[Source "ChessBase"]
[SourceDate "2010.11.25"]
[SourceVersion "1"]
[SourceVersionDate "2010.11.25"]
[SourceQuality "1"]

1. d4 c5 2. d5 e6 3. c4 exd5 4. cxd5 d6 5. e4 g6 6. Nc3 Bg7 7. Nf3 a6 8. a4 Bg4 9. Be2 Ne7 10. Nd2 Bxe2 11. Qxe2 0-0 12. Nc4 Re8 13. Qd3 Nc8 14. 0-0 Nd7 15. Bf4 Qe7 16. f3 Bd4+ 17. Kh1 Ne5 18. Bxe5 Bxe5 19. Nxe5 Qxe5 20. a5 Na7 21. Rad1 Qe7 22. f4 Qc7 23. e5 Nb5 24. Nxb5 axb5 25. Qxb5 Red8 26. exd6 Rxd6 27. Rfe1 Qxa5 28. Qxb7 Rad8 29. Rf1 Qb4 30. Qxb4 cxb4 31. Rd4 Rxd5 32. Rxb4 Rd2 33. f5 Re8 34. b3 gxf5 35. h4 Ree2 36. Rxf5 Rxg2 37. Rb8+ Kg7 38. Rb7 Rh2+ 39. Kg1 Rxh4 40. Rbxf7+ Kg6 41. R7f6+ Kg7 42. Rf2 Rxf2 43. Rxf2 Rb4 44. Rb2 Kf6 1/2-1/2